000 00780nam a2200265 i 4500
001 bg
100 1 _aFIRSZT, Franciszek
245 1 0 _aLuminescencja mieszanych kryształów Zn~(1-xMg~(xSe /
_cFranciszek Firszt.
260 _aToruń :
_bUMK,
_c1999.
300 _a207 s. :
_bfot., wykr. ;
_c24 cm.
490 1 _aRozprawy / Uniwersytet Mikołaja Kopernika
500 _aStreszcz. ang.
504 _aBibliogr. przy rozdz.
650 9 _aKryształy
_xfizyka
650 9 _aLuminescencja
650 9 _aPółprzewodniki
_xfizyka
830 0 _aRozprawy (Uniwersytet Mikołaja Kopernika)
020 _a8323110263
040 _cBPK
041 0 _apl
_ben
080 _a535.37:537.3:548
920 _a83-231-1026-3
942 _cKS
008 s pl f |000 0 pol
999 _c42391
_d42391
856 _uhttp://koha.tu.koszalin.pl/cgi-bin/koha/opac-detail.pl?biblionumber=42391
_yKatalog online BPK